000 00511nam a2200193Ia 4500
003 OSt
005 20221002055032.0
006 a|||||r|||| 00| 0
007 ta
008 220930b |||||||| |||| 00| 0 eng d
024 _a71583
037 _cReference Collections
040 _aCRL
_cCRL
_beng
041 _2eng
_aeng
082 _aQ2:4x1,1:g, L5(RR)
245 0 _aBharuci's commentary on the manusmrti
942 _hQ2:4x1,1:g, L5(RR)
_cref
_2CC
999 _c926533
_d926533